| 000 | 00999nam a2200217 i 4500 | ||
|---|---|---|---|
| 001 | 181757 | ||
| 003 | ES-MaACL | ||
| 005 | 20260217121123.0 | ||
| 008 | 130325s1923 sp |||| |dspa d | ||
| 110 | 2 |
_aEspaña. _bJunta Superior de Excavaciones y Antigüedades. _9152463 |
|
| 245 | 1 | 0 |
_aNotas necrológicas _b: la Junta Superior de Excavaciones y Antigüedades a la memoria de los... señores Don Enrique de Aguilera y Gamboa, marqués de Cerralbo, y Don Vicente Lampérez y Romea. |
| 260 |
_aMadrid : _b[s.n.], _c1923 ( _fImp. "Rev. de Arch., Bibl. y Museos") |
||
| 300 |
_aXV, 2 h. lám. retr, ; _c24 cm. |
||
| 530 | _aDisponible en formato digital. | ||
| 600 | 1 | 4 |
_aCerralbo, Enrique de Aguilera y Gamboa, _cMarqués de _937561 |
| 600 | 1 | 4 |
_aLampérez y Romea, Vicente, _d1861-1923 _9128639 |
| 852 |
_aES-MaACL _jE-3372(8) _cDEPO2 |
||
| 856 | 4 |
_uhttp://bdh-rd.bne.es/viewer.vm?id=0000252550&page=1 _yBiblioteca Digital Hispánica |
|
| 942 | _2udc | ||
| 999 |
_c181757 _d181757 |
||